| 000 | 00595nam a2200193Ia 4500 | ||
|---|---|---|---|
| 003 | GCL | ||
| 008 | 140319s9999 xx 000 0 eng d | ||
| 040 |
_aGCL / _cGCL |
||
| 082 | 0 | 4 |
_a613.0432 _bM B |
| 100 | 1 | _aMILADI, SAMIR SALEM | |
| 245 | 1 | 0 |
_aBIBLIOGRAPHY ON PUBLIC HEALTH AND NUTRITION OF CHILDREN IN THE ARAB WORLD 1945 - 1989 / _cMILADI, SAMIR SALEM |
| 700 | 1 | _aEL- GHORAB, MOHAMED | |
| 260 |
_a[S.N] : _bTHE ARAB COUNCIL OF CHILDHOOD AND DEVELO |
||
| 300 | _a194 P | ||
| 650 | 0 | 4 | _aPUBLIC HEALTH |
| 650 | 0 | 4 | _aCHILD - CARE |
| 650 | 0 | 4 | _aPUBLIC HEALTH FOR CHILDREN |
| 942 |
_2ddc _cBK |
||
| 999 |
_c16936 _d16936 |
||